Súd so Saddámom Husajnom - Spravodlivosť vidí!
Vojenský konflikt v Iraku a odsúdenie Saddáma Husajna za spáchané zločiny. Niekoľko faktov o stíhaní Saddáma Husajna. Činnosť Irackého špeciálneho tribunálu. Legálne riešenie, ako S. Husajna postaviť pred zákonný súd. Komplikovaná "právna" situácia v Iraku.
Salvato in:
| Autore principale: | |
|---|---|
| Natura: | Capitolo di libro |
| Lingua: | slovacco |
| Soggetti: | |
| Tags: |
Nessun Tag, puoi essere il primo ad aggiungerne!!
|
MARC
| LEADER | 00000naa$a2200000$$$4500 | ||
|---|---|---|---|
| 001 | 0053573 | ||
| 005 | 20240502071624.4 | ||
| 041 | 0 | |a slo | |
| 044 | |a SK | ||
| 245 | 1 | 0 | |a Súd so Saddámom Husajnom - Spravodlivosť vidí! |c Roman Jurík |
| 520 | |a Vojenský konflikt v Iraku a odsúdenie Saddáma Husajna za spáchané zločiny. Niekoľko faktov o stíhaní Saddáma Husajna. Činnosť Irackého špeciálneho tribunálu. Legálne riešenie, ako S. Husajna postaviť pred zákonný súd. Komplikovaná "právna" situácia v Iraku. | ||
| 610 | 2 | 0 | |a politika zahraničná |
| 610 | 2 | 0 | |a vzťahy medzinárodné |
| 610 | 2 | 0 | |a konflikty |
| 610 | 2 | 0 | |a vojny |
| 610 | 2 | 0 | |a právo |
| 610 | 2 | 0 | |a súdnictvo |
| 610 | 2 | 0 | |a súdy |
| 610 | 2 | 0 | |a spravodlivosť |
| 610 | 2 | 0 | |a Irak |
| 100 | 1 | |a Jurík, Roman | |